LEADER 01104nam0-22003491i-450- 001 990007859110403321 005 20040225103947.0 010 $a9041116540 035 $a000785911 035 $aFED01000785911 035 $a(Aleph)000785911FED01 035 $a000785911 100 $a20040225d2001----km-y0itay50------ba 101 0 $aeng 102 $aNL 105 $ay---n---011yy 200 1 $aInternational and national law in Russia and Eastern Europe$eessays in honor of George Ginsburgs$fedited by Roger Clark, Ferdinand Feldbrugge, Stanislaw Pomorski 210 $aThe Hague [etc.]$cNijhoff$dc2001 215 $aX, 479 p.$d25 cm 225 1 $aLaw in Eastern Europe 676 $a341.0947$v19$zita 702 1$aClark,$bRoger Stenson 702 1$aFeldbrugge,$bFerdinand Joseph Maria 702 1$aGinsburgs,$bGeorge 702 1$aPomorski,$bStanislaw 801 0$aIT$bUNINA$gRICA$2UNIMARC 901 $aBK 912 $a990007859110403321 952 $aL 119$b3217$fDSI 959 $aDSI 996 $aInternational and national law in Russia and Eastern Europe$9671119 997 $aUNINA LEADER 01396nam 2200337Ia 450 001 996388715103316 005 20221108010245.0 035 $a(CKB)1000000000638472 035 $a(EEBO)2240903184 035 $a(OCoLC)49520953 035 $a(EXLCZ)991000000000638472 100 $a20020404d1695 uy 0 101 0 $aeng 135 $aurbn||||a|bb| 200 14$aThe mystery of Jesuitism$b[electronic resource] $ediscovered in certain letters, written upon occasion of the present differences at Sorbonne, between the Jansenists and the Molinists, displaying the pernicious maxims of the late Casuists. : With additionals 210 $aLondon, $cPrinted, and are to be sold by John Vallange, bookseller in Edinburgh$d1695 215 $a[16], 342, [12], 126, [3] p., [2] leaves of plates (1 folded) $cill 300 $aTranslation of Pascal's Les provinciales. 300 $a"Additionals to The mystery of Jesuitism" has special t.p. and separate pagination. 300 $aIncludes index on [3] p. at end. 300 $aReproduction of original in: Llyfrgell Genedlaethol Cymru/National Library of Wales. 330 $aeebo-0098 606 $aJansenists 615 0$aJansenists. 700 $aPascal$b Blaise$f1623-1662.$028760 801 0$bEAE 801 1$bEAE 906 $aBOOK 912 $a996388715103316 996 $aThe mystery of Jesuitism$91886258 997 $aUNISA LEADER 01937oam 2200529M 450 001 9910716293003321 005 20200213070959.9 035 $a(CKB)5470000002519191 035 $a(OCoLC)1065631822 035 $a(OCoLC)995470000002519191 035 $a(EXLCZ)995470000002519191 100 $a20071213d1926 ua 0 101 0 $aeng 135 $aurcn||||||||| 181 $ctxt$2rdacontent 182 $cc$2rdamedia 183 $acr$2rdacarrier 200 10$aConsolidation of railway properties. April 5 (calendar day, April 13), 1926. -- Ordered to be printed 210 1$a[Washington, D.C.] :$c[U.S. Government Printing Office],$d1926. 215 $a1 online resource (11 pages)$ctables 225 1 $aSenate report / 69th Congress, 1st session. Senate ;$vno. 580 225 1 $a[United States congressional serial set] ;$v[serial no. 8525] 300 $aBatch processed record: Metadata reviewed, not verified. Some fields updated by batch processes. 300 $aFDLP item number not assigned. 517 $aConsolidation of railway properties. April 5 606 $aConsolidation and merger of corporations 606 $aRailroads$xFinance 606 $aRailroads$xManagement 606 $aRailroads 606 $aTransportation$xFares 606 $aTransportation$xRates 608 $aLegislative materials.$2lcgft 615 0$aConsolidation and merger of corporations. 615 0$aRailroads$xFinance. 615 0$aRailroads$xManagement. 615 0$aRailroads. 615 0$aTransportation$xFares. 615 0$aTransportation$xRates. 701 $aCummins$b Albert Baird$f1850-1926$pRepublican (IA)$01386815 801 0$bWYU 801 1$bWYU 801 2$bOCLCO 801 2$bOCLCQ 906 $aBOOK 912 $a9910716293003321 996 $aConsolidation of railway properties. April 5 (calendar day, April 13), 1926. -- Ordered to be printed$93487944 997 $aUNINA